LEADER 01477nam 2200349 450 001 9910719764803321 005 20230624135737.0 024 7 $a10.46500/83530173 035 $a(CKB)4960000000468569 035 $a(NjHacI)994960000000468569 035 $a(EXLCZ)994960000000468569 100 $a20230624d2023 uy 0 101 0 $aeng 135 $aur||||||||||| 181 $ctxt$2rdacontent 182 $cc$2rdamedia 183 $acr$2rdacarrier 200 10$aJahrbuch der Deutschen Schillergesellschaft 51/2007 $eInternationales Organ fu?r Neuere Deutsche Literatur /$fWilfried Barner [and three others] 210 1$a[Erscheinungsort nicht ermittelbar] :$cWallstein Verlag,$d2023. 215 $a1 online resource (669 pages) 330 $aDas "Jahrbuch der Deutschen Schillergesellschaft" ist ein literaturwissenschaftliches Periodikum, das vorwiegend Beitra?ge zur deutschsprachigen Literatur von der Aufkla?rung bis zur Gegenwart vero?ffentlicht. Diese Zeitspanne entspricht den Sammelgebieten des Deutschen Literaturarchivs Marbach, das von der Deutschen Schillergesellschaft getragen wird. 517 $aJahrbuch der Deutschen Schillergesellschaft 51/2007 606 $aYearbooks 615 0$aYearbooks. 676 $a031.02 700 $aBarner$b Wilfried$0165626 801 0$bNjHacI 801 1$bNjHacl 906 $aBOOK 912 $a9910719764803321 996 $aJahrbuch der Deutschen Schillergesellschaft 51$93362618 997 $aUNINA LEADER 01729oam 2200445Ia 450 001 9910702115903321 005 20130930154938.0 035 $a(CKB)5470000002424983 035 $a(OCoLC)227787626 035 $a(EXLCZ)995470000002424983 100 $a20080512d1992 ua 0 101 0 $aeng 135 $aur||||||||||| 181 $ctxt$2rdacontent 182 $cc$2rdamedia 183 $acr$2rdacarrier 200 13$aAn Evaluation of the usability of the MEPSS prototype decision support program for abdominal pain with two user populations$b[electronic resource] /$fby Elaine F. Chouinard 210 1$aGroton, CT :$cNaval Submarine Medical Research Laboratory,$d[1992] 215 $a1 online resource (51 pages) 225 1 $aNSMRL report ;$vno. 1180 300 $aTitle from title screen (viewed Oct. 3, 2012). 300 $a"20 August 92." 320 $aIncludes bibliographical references (pages 30-31). 606 $aAbdominal pain$xDiagnosis$xEvaluation 606 $aMedicine, Naval$xData processing$xEvaluation 606 $aUser-centered system design 615 0$aAbdominal pain$xDiagnosis$xEvaluation. 615 0$aMedicine, Naval$xData processing$xEvaluation. 615 0$aUser-centered system design. 700 $aChouinard$b Elaine F$01414706 712 02$aUnited States.$bNaval Medical Research and Development Command. 712 02$aNaval Submarine Medical Research Laboratory. 801 0$bDTICE 801 1$bDTICE 801 2$bOCLCQ 801 2$bGPO 906 $aBOOK 912 $a9910702115903321 996 $aAn Evaluation of the usability of the MEPSS prototype decision support program for abdominal pain with two user populations$93548061 997 $aUNINA